000 00360cam a2200145ua 4500
041 _aeng
_h
082 _a690
_bWAR/TE
100 _aWarland, E G .
245 _aTechnique of building /
_cE G Warland.
_hTextual Documents
260 _aLondon :
_bEnglish Universities Press ,
_c1962.
300 _a337 ; .
504 _a
942 _cBK
999 _c3337
_d3337